[Event "ch-Paris op C"]
[Site "Paris (Halle Carpentier)"]
[Date "2008.06.28"]
[Round "1.1"]
[White "Elzoghlami, Mehdi"]
[Black "Combet, Pierre"]
[Result "1-0"]
[WhiteElo "1500"]
[BlackElo "1370"]
[PlyCount "57"]
[EventDate "2008.06.28"]

1. e4 e5 2. Nf3 Nf6 3. Nxe5 d6 4. Nf3 Nxe4 5. Nc3 d5 6. d4 Bf5 7. Bd3 Bb4 8.
Qe2 Bxc3+ 9. bxc3 O-O 10. Bb2 Re8 11. O-O Nd6 (11... Nxc3 $1) 12. Qd2 Bxd3 13.
cxd3 f6 14. Rfe1 Nc6 15. Ba3 Qd7 16. Rab1 b6 17. Qf4 Nb5 18. Bb2 Re6 19. Kf1
Rae8 20. c4 dxc4 21. Rxe6 Rxe6 22. dxc4 g5 23. Nxg5 fxg5 24. Qxg5+ Rg6 25. Qxb5
Qg4 26. Qd5+ Kg7 27. h3 Qh4 28. Qd7+ Kf8 29. Re1 1-0

[Event "ch-Paris op C"]
[Site "Paris (Halle Carpentier)"]
[Date "2008.06.28"]
[Round "1.2"]
[White "Lutard, Florian"]
[Black "Allaf, Alice"]
[Result "0-1"]
[WhiteElo "1370"]
[BlackElo "1499"]
[PlyCount "109"]
[EventDate "2008.06.28"]

1. d4 d5 2. c4 dxc4 3. e4 e6 4. Bxc4 Nf6 5. Nc3 Bb4 6. Nf3 Bxc3+ 7. bxc3 Nxe4
8. Qd3 Nf6 9. O-O b6 10. Bg5 Nbd7 11. Bb5 O-O 12. Bc6 Rb8 13. Be4 Qe8 14. Bc6
Bb7 15. Bxf6 gxf6 16. Bxb7 Rxb7 17. Qe4 Qb8 18. d5 Nc5 19. Qg4+ Kh8 20. dxe6
fxe6 21. Nd4 Qc8 22. Rfe1 Rg8 23. Qf4 Rf8 24. Qh6 Qd7 25. Nxe6 Nxe6 26. Rxe6
Qf7 27. Rae1 c5 28. Qxf8+ Qxf8 29. Re8 Qxe8 30. Rxe8+ Kg7 31. Re3 Rd7 32. h3
Rd1+ 33. Kh2 Kg6 34. Re7 a5 35. Rb7 Rb1 36. a4 Rb3 37. c4 Rb4 38. g4 Rxc4 39.
Rxb6 Rxa4 40. Rb5 c4 41. Rc5 Kf7 42. f3 Ke7 43. Rc7+ Kd6 44. Rxh7 c3 45. Rh8 c2
46. Rc8 Ra2 47. Kg3 Rb2 48. h4 a4 49. g5 fxg5 50. hxg5 a3 51. g6 a2 52. g7 a1=Q
53. g8=Q Qg1+ 54. Kf4 c1=Q+ 55. Rxc1 0-1

[Event "ch-Paris op C"]
[Site "Paris (Halle Carpentier)"]
[Date "2008.06.28"]
[Round "1.3"]
[White "Champs, Sandra"]
[Black "Morgan, Jacques"]
[Result "0-1"]
[WhiteElo "1499"]
[BlackElo "1370"]
[PlyCount "96"]
[EventDate "2008.06.28"]

1. e4 c5 2. Nc3 e6 3. Nf3 Nc6 4. a3 Qc7 5. Bc4 g6 6. O-O Bg7 7. d3 Nf6 8. h3 a6
9. Be3 b6 10. Qd2 O-O 11. Bh6 Bb7 12. Bxg7 Kxg7 13. Rfe1 d6 14. Ng5 Rfe8 15.
Re2 Nd4 16. Re3 b5 17. Ba2 Rad8 18. Ne2 Nxe2+ 19. Qxe2 d5 20. e5 Ng8 21. Rf3
Nh6 22. Re1 Nf5 23. c3 d4 24. Rf4 Qc6 25. Qf3 Qxf3 26. Nxf3 dxc3 27. bxc3 Rxd3
28. Rc1 Red8 29. c4 Rxa3 30. Bb1 Rc8 31. cxb5 axb5 32. Ne1 Nd4 33. Bd3 Rxd3 34.
Nxd3 Ne2+ 35. Kh2 Nxc1 36. Nxc1 c4 37. Rd4 b4 38. f4 b3 39. Nxb3 cxb3 40. Rb4
Bd5 41. Kg3 Rc3+ 42. Kf2 Rc2+ 43. Ke3 Rc1 44. Kd2 Rc2+ 45. Kd1 Rxg2 46. Kc1 Rh2
47. h4 Rxh4 48. Kb2 Rg4 0-1

[Event "ch-Paris op C"]
[Site "Paris (Halle Carpentier)"]
[Date "2008.06.28"]
[Round "1.4"]
[White "Siaugues, Jean-Claude"]
[Black "Keller, Jean"]
[Result "1-0"]
[WhiteElo "1370"]
[BlackElo "1499"]
[PlyCount "83"]
[EventDate "2008.06.28"]

1. d4 Nf6 2. Nf3 e6 3. e3 b6 4. Bd3 Bb7 5. Nbd2 d6 6. O-O Nbd7 7. c3 Ng4 8. h3
Ngf6 9. Re1 Be7 10. e4 e5 11. d5 c6 12. c4 cxd5 13. cxd5 Rc8 14. Qa4 a5 15. Nc4
O-O 16. Be3 Nc5 17. Bxc5 Rxc5 18. Ncd2 Qc7 19. Nb3 b5 20. Qxa5 Qxa5 21. Nxa5
Ba6 22. Nb3 Rfc8 23. Nxc5 dxc5 24. Nxe5 c4 25. Bc2 Bd6 26. Nc6 Bc5 27. e5 Nxd5
28. Be4 Nc7 29. Rad1 Ne6 30. Rd7 Re8 31. Bd5 Ng5 32. Rd8 Rxd8 33. Nxd8 Bc8 34.
e6 Nxe6 35. Nxe6 fxe6 36. Bxe6+ Bxe6 37. Rxe6 Kf7 38. Rc6 Be7 39. a3 g6 40. Rb6
c3 41. bxc3 Bxa3 42. Rxb5 1-0

[Event "ch-Paris op C"]
[Site "Paris (Halle Carpentier)"]
[Date "2008.06.28"]
[Round "1.5"]
[White "Larue, Daniel"]
[Black "Spassky, Daniel"]
[Result "1-0"]
[WhiteElo "1499"]
[BlackElo "1370"]
[PlyCount "57"]
[EventDate "2008.06.28"]

1. e4 Nf6 2. e5 Nd5 3. d4 d6 4. Nf3 Bg4 5. Be2 c6 6. exd6 exd6 7. O-O Be7 8. c4
Nb6 9. b3 O-O 10. Nc3 Bf6 11. Be3 d5 12. cxd5 Nxd5 13. Nxd5 Qxd5 14. Bc4 Qd8
15. Rc1 b5 16. Be2 a5 17. Ne5 Bxe2 18. Qxe2 Bxe5 19. dxe5 Qd5 20. Rc5 Qe6 21.
Rd1 Na6 22. Rd6 Qf5 23. Rcxc6 Nb4 24. Rc5 Rab8 25. e6 Qf6 26. Bd4 Qg6 27. exf7+
Qxf7 28. Rg5 g6 29. Rf6 {....} 1-0

[Event "ch-Paris op C"]
[Site "Paris (Halle Carpentier)"]
[Date "2008.06.28"]
[Round "1.7"]
[White "Luond, Patrice"]
[Black "Banat, Rizlene"]
[Result "0-1"]
[WhiteElo "1499"]
[BlackElo "1360"]
[PlyCount "75"]
[EventDate "2008.06.28"]

1. e4 c5 2. Nf3 d6 3. c3 Nc6 4. Bb5 Bd7 5. O-O Nf6 6. Re1 g6 7. d4 cxd4 8. cxd4
Bg7 9. Bg5 O-O 10. Nc3 Re8 11. a4 a6 12. Bc4 Bg4 13. h3 Bxf3 14. Qxf3 Nxd4 15.
Qd3 Nc6 16. Bxf6 Bxf6 17. Qd5 e6 {=} 18. Qd2 Bg5 19. Qc2 Rc8 20. Rab1 Nd4 21.
Qd3 Nc6 22. b4 Ne5 23. Qg3 Nxc4 24. b5 Nd2 25. Rbd1 e5 26. Re2 Nc4 27. Nd5 Nb6
28. Nxb6 Bf4 29. Qa3 Qxb6 30. Rxd6 Qc5 31. Qxc5 Rxc5 32. g3 Rc1+ 33. Kg2 Bh6
34. bxa6 bxa6 35. Rxa6 Ra1 36. Rc2 Rb8 37. Ra7 Rc1 38. Ra2 {Temps} 0-1

[Event "ch-Paris op C"]
[Site "Paris (Halle Carpentier)"]
[Date "2008.06.28"]
[Round "1.8"]
[White "Hargoues-Turon, Emile"]
[Black "Papazian, Arlette"]
[Result "1-0"]
[WhiteElo "1350"]
[BlackElo "1499"]
[PlyCount "51"]
[EventDate "2008.06.28"]

1. d4 d5 2. Nf3 Bf5 3. e3 e6 4. Nbd2 Nc6 5. c3 Nf6 6. Be2 a6 7. O-O Be7 8. Re1
O-O 9. c4 dxc4 10. a3 Qd5 11. Bxc4 Qd6 12. e4 Bxe4 13. Nxe4 Qd7 14. Nxf6+ Kh8
15. Nxd7 Rfd8 16. Nfe5 Nxe5 17. Nxe5 f6 18. Nf7+ Kg8 19. Nxd8 Rxd8 20. Rxe6 Re8
21. Rxe7+ Kf8 22. Rxe8+ Kxe8 23. Qh5+ g6 24. Qxh7 Kd8 25. Bf4 Kc8 26. Qxc7# 1-0

[Event "ch-Paris op C"]
[Site "Paris (Halle Carpentier)"]
[Date "2008.06.28"]
[Round "1.9"]
[White "Portier, Pierre"]
[Black "Sampaio, Victor"]
[Result "0-1"]
[WhiteElo "1499"]
[BlackElo "1350"]
[PlyCount "70"]
[EventDate "2008.06.28"]

1. e4 e5 2. Nf3 Nc6 3. Bc4 h6 4. d4 exd4 5. Nxd4 Nxd4 6. Qxd4 Nf6 7. Nc3 Bd6 8.
e5 Qe7 9. O-O Bxe5 10. Qd1 O-O 11. Re1 Qc5 12. Bb3 Bxc3 13. bxc3 Qxc3 14. Rb1
Qc6 15. Bb2 b6 16. Re7 Bb7 17. f3 Qc5+ 18. Kh1 Qxe7 19. a4 Ne8 20. Qd4 Nf6 21.
Qc3 Qd8 22. Re1 Re8 23. Kg1 Rxe1+ 24. Qxe1 Qe8 25. Qc3 Qe7 26. Kf2 Re8 27. Ba3
Qe2+ 28. Kg3 Qe5+ 29. Qxe5 Rxe5 30. Bb2 Rg5+ 31. Kf2 Bd5 32. c4 Bc6 33. Bc2 d5
34. cxd5 Rxd5 35. Bxf6 Rd2+ 0-1

[Event "ch-Paris op C"]
[Site "Paris (Halle Carpentier)"]
[Date "2008.06.28"]
[Round "1.10"]
[White "Benhaim, Louis"]
[Black "Samy, Valerie"]
[Result "1-0"]
[WhiteElo "1340"]
[BlackElo "1499"]
[PlyCount "73"]
[EventDate "2008.06.28"]

1. d4 d5 2. c4 Nf6 3. cxd5 Nxd5 4. e4 Nb6 5. Nf3 Bg4 6. Be2 e6 7. Be3 Bb4+ 8.
Nc3 Nc6 9. a3 Be7 10. O-O Qd7 11. h3 Bxh3 12. gxh3 e5 13. Kh2 O-O-O 14. d5 Nd4
15. Nxd4 exd4 16. Bg4 Bd6+ 17. Kg2 f5 18. Bxf5 Qxf5 19. exf5 dxe3 20. fxe3 Rhe8
21. Re1 Nc4 22. Qc1 Rd7 23. b3 Nb6 24. Qc2 Be5 25. Rac1 Nxd5 26. Nxd5 Rxd5 27.
Qc4 c6 28. Qxd5 Bc7 29. Qf7 Rd8 30. Rcd1 Ba5 31. Rxd8+ Kxd8 32. Rd1+ Kc8 33.
Qd7+ Kb8 34. Qe7 Kc8 35. Rd7 b5 36. Qe8+ Bd8 37. Qxd8# 1-0

[Event "ch-Paris op C"]
[Site "Paris (Halle Carpentier)"]
[Date "2008.06.28"]
[Round "1.11"]
[White "Timofeeva, Tatiana"]
[Black "Buchner, David"]
[Result "0-1"]
[WhiteElo "1499"]
[BlackElo "1340"]
[PlyCount "58"]
[EventDate "2008.06.28"]

1. e4 e5 2. Nf3 Nc6 3. Bc4 Nf6 4. Ng5 d5 5. Be2 Bc5 6. d3 h6 7. Nxf7 Kxf7 8. c3
dxe4 9. Be3 Bxe3 10. fxe3 exd3 11. Bxd3 Be6 12. O-O e4 13. Bc2 Qxd1 14. Bxd1
Ke7 15. Nd2 Rad8 16. Rf2 Rd3 17. Be2 Ng4 18. Bxd3 Nxf2 19. Bxe4 Rf8 20. Rf1
Nxe4 21. Nxe4 Rxf1+ 22. Kxf1 Bxa2 23. Kf2 Ne5 24. Kg3 Nc4 25. Kf4 Nxb2 26. h4
Bd5 27. g4 Nd3+ 28. Kf5 Kf7 29. Ng3 g6# 0-1

[Event "ch-Paris op C"]
[Site "Paris (Halle Carpentier)"]
[Date "2008.06.28"]
[Round "1.12"]
[White "Fouliard, Matthieu"]
[Black "Valencia, Gabriel"]
[Result "0-1"]
[WhiteElo "1330"]
[BlackElo "1499"]
[PlyCount "54"]
[EventDate "2008.06.28"]

1. e4 c6 2. d4 d5 3. exd5 cxd5 4. Nc3 Nf6 5. Nf3 Bf5 6. Bf4 e6 7. Bb5+ Nbd7 8.
O-O a6 9. Ba4 b5 10. Bb3 Be7 11. a4 b4 12. Ne2 a5 13. c4 bxc3 14. bxc3 Rc8 15.
Bc2 Bxc2 16. Qxc2 Ne4 17. Rab1 Bb4 18. Rb3 Nb6 19. Rc1 Bd6 20. Bxd6 Nxd6 21.
Rcb1 Nbc4 22. Nd2 O-O 23. Nxc4 Nxc4 24. g3 Qd6 25. Nf4 Na3 26. Rb6 Qxb6 27.
Rxb6 Nxc2 0-1

[Event "ch-Paris op C"]
[Site "Paris (Halle Carpentier)"]
[Date "2008.06.28"]
[Round "1.13"]
[White "Vallobra, Thierry"]
[Black "Geoffroy, Boris"]
[Result "0-1"]
[WhiteElo "1499"]
[BlackElo "1330"]
[PlyCount "34"]
[EventDate "2008.06.28"]

1. d4 d5 2. c4 dxc4 3. Qa4+ Qd7 4. Qxc4 Qc6 5. Qxc6+ Nxc6 6. Nf3 Bf5 7. e3 Nb4
8. b3 Nc2+ 9. Kd1 Nxa1 10. Nh4 Bxb1 11. Bb2 Bxa2 12. Bc4 Bxb3+ 13. Bxb3 Nxb3
14. Ke2 c5 15. Rd1 c4 16. Bc3 Rd8 17. Nf3 e6 0-1

[Event "ch-Paris op C"]
[Site "Paris (Halle Carpentier)"]
[Date "2008.06.28"]
[Round "1.14"]
[White "Zeitoun, David"]
[Black "Hassanaly, Ikbal"]
[Result "0-1"]
[WhiteElo "1330"]
[BlackElo "1490"]
[PlyCount "64"]
[EventDate "2008.06.28"]

1. e4 d5 2. exd5 Nf6 3. Nf3 Bg4 4. Be2 Nxd5 5. h3 Bh5 6. d3 e6 7. Bg5 Be7 8.
Bh4 Bxh4 9. Nxh4 Bxe2 10. Qxe2 Qxh4 11. g3 Qf6 12. Nd2 Nc6 13. Nc4 a6 14. O-O
Nd4 15. Qd2 Nf3+ 16. Kg2 Nxd2 17. Nxd2 Qxb2 18. Rfc1 O-O 19. Ne4 f5 20. Ng5 Qf6
21. Nf3 e5 22. Re1 Rae8 23. Re2 e4 24. dxe4 fxe4 25. Nd2 Qxa1 26. Nxe4 Qd4 27.
f3 Ne3+ 28. Kf2 Nxc2+ 29. Kf1 Rxf3+ 30. Kg2 Re3 31. Rxc2 Qxe4+ 32. Kh2 Qxc2+
0-1

[Event "ch-Paris op C"]
[Site "Paris (Halle Carpentier)"]
[Date "2008.06.28"]
[Round "1.15"]
[White "Baldi, Valentine"]
[Black "Delhy, Jacques"]
[Result "1/2-1/2"]
[WhiteElo "1480"]
[BlackElo "1320"]
[PlyCount "80"]
[EventDate "2008.06.28"]

1. d4 Nf6 2. c4 e6 3. Nc3 Bb4 4. Nf3 d5 5. e3 O-O 6. Bd3 c5 7. O-O Bxc3 8. bxc3
Nc6 9. Ba3 Re8 10. Bxc5 Qa5 11. Qb3 dxc4 12. Qxc4 Nd5 13. Rfc1 b6 14. Bd6 Bb7
15. e4 Nf6 16. Ne5 Nxe5 17. Bxe5 Rac8 18. Qb4 Qxb4 19. cxb4 Ng4 20. Bf4 e5 21.
dxe5 Nxe5 22. Bxe5 Rxe5 23. Rxc8+ Bxc8 24. Rc1 Re8 25. Bb5 Rd8 26. h3 h6 27.
Rc7 a6 28. Bc6 b5 29. Bd5 Be6 30. Bxe6 fxe6 31. Re7 Rd4 32. Rxe6 Rxb4 33. Rxa6
Rxe4 34. Ra3 Kf7 35. Re3 Rxe3 36. fxe3 Ke6 37. Kf2 Ke5 38. Ke2 Ke4 39. g3 b4
40. h4 h5 1/2-1/2

[Event "ch-Paris op C"]
[Site "Paris (Halle Carpentier)"]
[Date "2008.06.28"]
[Round "1.16"]
[White "Fraval, Julie"]
[Black "Jacquet, Dominique"]
[Result "1/2-1/2"]
[WhiteElo "1320"]
[BlackElo "1480"]
[PlyCount "46"]
[EventDate "2008.06.28"]

1. e4 e5 2. d4 exd4 3. Qxd4 Nc6 4. Qe3 Nf6 5. Nc3 b6 6. Bd2 Bc5 7. Qg3 g6 8.
O-O-O Nh5 9. Qf3 Nd4 10. Qd3 Bb7 11. Nf3 Ne6 12. Be3 Bxe3+ 13. Qxe3 O-O 14. g4
Nf6 15. h4 Nxg4 16. Qd2 Bc6 17. h5 b5 18. Bh3 Nf6 19. hxg6 fxg6 20. Qh6 Qe7 21.
Bxe6+ dxe6 22. Ne5 Bb7 23. Rdg1 Qg7 1/2-1/2

[Event "ch-Paris op C"]
[Site "Paris (Halle Carpentier)"]
[Date "2008.06.28"]
[Round "1.17"]
[White "Martin, Madge"]
[Black "Maury, Anette"]
[Result "1-0"]
[WhiteElo "1480"]
[BlackElo "1320"]
[PlyCount "35"]
[EventDate "2008.06.28"]

1. e4 e6 2. d4 d5 3. exd5 exd5 4. Bf4 c5 5. c3 cxd4 6. cxd4 Nc6 7. Nf3 Qb6 8.
Nc3 Nf6 9. Nb5 Bb4+ 10. Nd2 Bxd2+ 11. Qxd2 Ne4 12. Nc7+ Qxc7 13. Bxc7 Nxd2 14.
Kxd2 Nxd4 15. Kc3 Nb5+ 16. Bxb5+ Bd7 17. Rhe1+ Kf8 18. Bd6+ 1-0

[Event "ch-Paris op C"]
[Site "Paris (Halle Carpentier)"]
[Date "2008.06.28"]
[Round "1.18"]
[White "Paillet, Raymond"]
[Black "Souchaud, Raymond"]
[Result "0-1"]
[WhiteElo "1320"]
[BlackElo "1480"]
[PlyCount "99"]
[EventDate "2008.06.28"]

1. e4 e5 2. Nf3 Nc6 3. Bb5 Nf6 4. d3 h6 5. Bxc6 dxc6 6. Nxe5 Bd6 7. Nf3 Bg4 8.
O-O O-O 9. Re1 Re8 10. Nbd2 Nh7 11. Nf1 Be7 12. Ne3 Bh5 13. Nf5 Ng5 14. Re3
Nxf3+ 15. Rxf3 Bg5 16. Ng3 Bxf3 17. Qxf3 Qf6 18. Nf5 Kh7 19. Qh5 g6 20. Bxg5
gxh5 21. Bxf6 c5 22. Bc3 Rg8 23. Bd2 Rg6 24. Re1 Rag8 25. g3 Ra6 26. a3 Rgg6
27. c3 b5 28. d4 cxd4 29. cxd4 Ra4 30. Bc3 a5 31. f4 b4 32. axb4 axb4 33. Bd2
b3 34. Bc3 Rga6 35. Kf2 Ra1 36. e5 Rxe1 37. Bxe1 Rc6 38. Bc3 Rxc3 39. Ne3 Rc2+
40. Ke1 Rxb2 41. h3 Rb1+ 42. Kd2 Rh1 43. h4 Rh2+ 44. Kc1 Re2 45. Nd1 Rg2 46. d5
Rxg3 47. d6 cxd6 48. exd6 Rd3 49. Nf2 Rxd6 50. Kb2 0-1

[Event "ch-Paris op C"]
[Site "Paris (Halle Carpentier)"]
[Date "2008.06.28"]
[Round "1.19"]
[White "Trocme, Jacques"]
[Black "Bouiller, Andre"]
[Result "1-0"]
[WhiteElo "1480"]
[BlackElo "1310"]
[PlyCount "95"]
[EventDate "2008.06.28"]

1. Nf3 d5 2. d4 Nc6 3. e3 Bf5 4. g3 Nf6 5. h3 a6 6. g4 Bd7 7. Nc3 e6 8. Bd3 Qe7
9. b4 b5 10. e4 dxe4 11. Nxe4 g6 12. Nc5 Bg7 13. c3 O-O 14. Bd2 Nd5 15. Qc2 e5
16. O-O-O exd4 17. Rde1 Qf6 18. Nxd7 Qxf3 19. Nxf8 Rxf8 20. Be4 d3 21. Bxf3
dxc2 22. Bxd5 Ne5 23. Re3 c6 24. Bb3 Re8 25. f4 Bh6 26. g5 Nc4 27. Rxe8+ Bf8
28. Bxc4 bxc4 29. Kxc2 Kg7 30. Ra8 c5 31. Rxa6 cxb4 32. cxb4 Be7 33. Kc3 Bd8
34. Kxc4 Bc7 35. Re1 Bd8 36. Re8 Bc7 37. Raa8 f6 38. Rg8+ Kf7 39. Raf8+ Ke7 40.
gxf6+ Ke6 41. Rg7 Bd6 42. Rff7 h5 43. Bc3 Bxf4 44. Re7+ Kf5 45. f7 Bd6 46.
f8=Q+ Kg5 47. Qf6+ Kh6 48. Qxg6# 1-0

[Event "ch-Paris op C"]
[Site "Paris (Halle Carpentier)"]
[Date "2008.06.28"]
[Round "1.20"]
[White "Le Cour, Valentin"]
[Black "Roux, Jean-Marie"]
[Result "0-1"]
[WhiteElo "1020"]
[BlackElo "1470"]
[PlyCount "64"]
[EventDate "2008.06.28"]

1. e4 e5 2. Nf3 Nc6 3. Bb5 Nf6 4. d4 exd4 5. Nxd4 Nxd4 6. Qxd4 c5 7. Qe5+ Be7
8. Qf5 O-O 9. O-O d6 10. Qf3 Bg4 11. Qe3 a6 12. Ba4 b5 13. f3 Bh5 14. Bb3 c4
15. Bd2 cxb3 16. cxb3 Rc8 17. Nc3 d5 18. exd5 Bc5 19. Kh1 Bxe3 20. Bxe3 Nxd5
21. Rfd1 Qf6 22. Nxd5 Qxb2 23. Nb6 Rc2 24. Rac1 Rxc1 25. Rxc1 Re8 26. Re1 f6
27. Kg1 Qc3 28. Kf2 f5 29. Nd7 f4 30. g3 fxe3+ 31. Ke2 Qd2+ 32. Kf1 Qf2# 0-1

[Event "ch-Paris op C"]
[Site "Paris (Halle Carpentier)"]
[Date "2008.06.28"]
[Round "1.21"]
[White "Weintraub, Richard"]
[Black "Eden, Agnes"]
[Result "1-0"]
[WhiteElo "1470"]
[BlackElo "1290"]
[PlyCount "99"]
[EventDate "2008.06.28"]

1. e4 e5 2. Nf3 Nc6 3. Bc4 Nd4 4. O-O d6 5. c3 Ne6 6. d4 Nf6 7. dxe5 Nxe4 8.
Re1 N4c5 9. exd6 Bxd6 10. b4 Nd7 11. Bxe6 fxe6 12. Rxe6+ Be7 13. Bg5 O-O 14.
Bxe7 Qe8 15. Re1 Rf5 16. Bd6 Qg6 17. Bxc7 b6 18. Qe2 Bb7 19. Qe6+ Qxe6 20. Rxe6
Bd5 21. Rd6 Nf6 22. Rd8+ Rxd8 23. Bxd8 Ne4 24. a4 Bc4 25. h3 Rd5 26. Na3 Bb3
27. Re1 Nxc3 28. Bh4 Bxa4 29. Re8+ Kf7 30. Re7+ Kg6 31. Rxa7 Bc6 32. Nc4 Rd1+
33. Kh2 Nb5 34. Re7 Bd5 35. Nce5+ Kf5 36. Ng4 Nd6 37. Re5+ Kg6 38. Rg5+ Kf7 39.
Ne3 Rd3 40. Rxd5 Rxd5 41. Nxd5 Ke6 42. Nxb6 Kf5 43. g4+ Kf4 44. Ng5 h6 45. Bg3+
Kxg5 46. Bxd6 g6 47. Nd5 h5 48. b5 hxg4 49. b6 gxh3 50. Kxh3 1-0

[Event "ch-Paris op C"]
[Site "Paris (Halle Carpentier)"]
[Date "2008.06.28"]
[Round "1.22"]
[White "Lamure, Pierre-Louis"]
[Black "Zodros, Denis"]
[Result "1-0"]
[WhiteElo "1290"]
[BlackElo "1470"]
[PlyCount "141"]
[EventDate "2008.06.28"]

1. d4 d5 2. c4 Nf6 3. Nc3 e6 4. Nf3 Nc6 5. e3 Bd7 6. c5 b6 7. cxb6 cxb6 8. Bd2
a6 9. Na4 Bd6 10. Rc1 O-O 11. Bd3 Ne4 12. O-O Nb4 13. Bxb4 Bxb4 14. Qb3 Ba5 15.
Bxe4 dxe4 16. Ne5 Rb8 17. Nxd7 Qxd7 18. Rc2 Rfc8 19. Rfc1 Rxc2 20. Qxc2 f5 21.
Qc6 Qxc6 22. Rxc6 Kf7 23. Rc7+ Kf6 24. Ra7 Rc8 25. g3 b5 26. Nc5 Rc6 27. Rxa6
Rxa6 28. Nxa6 g5 29. Nc5 b4 30. a3 bxa3 31. bxa3 h5 32. a4 Ke7 33. Kf1 Bb6 34.
Ke2 Kd6 35. Nb3 e5 36. a5 Ba7 37. dxe5+ Kxe5 38. Kd2 f4 39. a6 fxe3+ 40. fxe3
Kd6 41. Kc3 Bxe3 42. Nd4 Kc7 43. Nb5+ Kb8 44. a7+ Ka8 45. Nd6 Kxa7 46. Nxe4 h4
47. Kd3 Bc1 48. Ke2 hxg3 49. hxg3 Kb7 50. Kf3 Kc7 51. Kg4 Kd7 52. Nxg5 Ke7 53.
Kf5 Kf8 54. g4 Kg8 55. Ne6 Kf7 56. Nf4 Bb2 57. g5 Kg8 58. g6 Bh8 59. Ne6 Bb2
60. Nc7 Kf8 61. Nd5 Kg7 62. Kg5 Bc1+ 63. Kh5 Bb2 64. Nf4 Kg8 65. Ne6 Bc3 66.
Kh6 Bb2 67. Nf4 Bg7+ 68. Kg5 Kh8 69. Nh5 Bf8 70. Kf6 Kg8 71. Ke6 1-0

[Event "ch-Paris op C"]
[Site "Paris (Halle Carpentier)"]
[Date "2008.06.28"]
[Round "1.23"]
[White "Vega-Ritter, Isabelle"]
[Black "Bouriot, Florence"]
[Result "1-0"]
[WhiteElo "1469"]
[BlackElo "1280"]
[PlyCount "117"]
[EventDate "2008.06.28"]

1. d4 d6 2. Nf3 Nf6 3. Bg5 Nc6 4. Nc3 e6 5. e4 Be7 6. Bb5 O-O 7. Qd2 a6 8. Bd3
e5 9. d5 Nb4 10. Be2 a5 11. a3 Na6 12. h4 h6 13. Bxf6 Bxf6 14. O-O-O Nc5 15.
Kb1 b6 16. Rdg1 Ba6 17. Bd1 Qd7 18. g4 Rfe8 19. g5 Kf8 20. gxf6 gxf6 21. Qxh6+
Ke7 22. Rg7 Rh8 23. Rh7 Rhg8 24. Rg1 Rxg1 25. Nxg1 Rg8 26. Rg7 Qe8 27. Bh5 Rh8
28. Rh7 Qg8 29. Rxf7+ Qxf7 30. Qxh8 Qf8 31. Qh7+ Kd8 32. Bg4 Bc8 33. Be2 Ba6
34. Bxa6 Nxa6 35. Nb5 Qe7 36. Qg8+ Qe8 37. Qg7 Qxb5 38. Qf8+ Qe8 39. Qxf6+ Qe7
40. Qxe7+ Kxe7 41. f3 Kd7 42. Nh3 c6 43. c4 cxd5 44. cxd5 Nc5 45. Kc2 b5 46.
Ng5 Ke7 47. Kc3 Kf6 48. b4 axb4+ 49. axb4 Nd7 50. Ne6 Kg6 51. Nc7 Nf6 52. Nxb5
Ne8 53. Kd3 Kh5 54. Ke3 Kxh4 55. Kf2 Kh3 56. Na7 Nc7 57. b5 Na8 58. Nc8 Nc7 59.
b6 1-0

[Event "ch-Paris op C"]
[Site "Paris (Halle Carpentier)"]
[Date "2008.06.28"]
[Round "1.24"]
[White "Dupont, Jean-Louis"]
[Black "Belhadj, Mourad"]
[Result "0-1"]
[WhiteElo "1280"]
[BlackElo "1460"]
[PlyCount "104"]
[EventDate "2008.06.28"]

1. e4 e5 2. Nf3 Nc6 3. Bc4 h6 4. c3 Nf6 5. d4 d5 6. exd5 e4 7. Qe2 Ne7 8. Ne5
Nexd5 9. O-O Be6 10. Nd2 Nf4 11. Qe1 Bxc4 12. Nexc4 Qd5 13. Ne5 e3 14. Ndf3 e2
15. Bxf4 exf1=Q+ 16. Kxf1 O-O-O 17. Qc1 Re8 18. c4 Qe4 19. Nxf7 Rg8 20. Qd2 g5
21. Be5 Qc6 22. Qa5 a6 23. d5 Qxc4+ 24. Kg1 Nxd5 25. Nd2 Qb5 26. Qxb5 axb5 27.
Bg3 Re2 28. Nf3 Rxb2 29. N7e5 Nf4 30. h3 Ne2+ 31. Kf1 Nxg3+ 32. fxg3 Bd6 33.
Nd3 Rc2 34. a4 b4 35. a5 b3 36. a6 bxa6 37. Rxa6 Kb7 38. Ra1 Rd8 39. Rb1 Rc3
40. Nc1 Bxg3 41. Nxb3 Kc8 42. Nbd2 Rcd3 43. Ke2 Bf4 44. Ne4 Re3+ 45. Kf2 Rxe4
46. Rb2 Be3+ 47. Kg3 h5 48. Re2 h4+ 49. Nxh4 gxh4+ 50. Kf3 Rde8 51. Re1 Rf4+
52. Ke2 Bf2+ 0-1

[Event "ch-Paris op C"]
[Site "Paris (Halle Carpentier)"]
[Date "2008.06.28"]
[Round "1.25"]
[White "Cordier, Daniel"]
[Black "Moisset, Lola"]
[Result "1-0"]
[WhiteElo "1460"]
[BlackElo "1280"]
[PlyCount "37"]
[EventDate "2008.06.28"]

1. e4 e5 2. Nf3 Nc6 3. Bc4 Bc5 4. d4 Nxd4 5. Bxf7+ Kxf7 6. Nxe5+ Ke8 7. Qh5+
Ke7 8. Qf7+ Kd6 9. Qd5+ Ke7 10. Qxc5+ d6 11. Qxd4 dxe5 12. Qxe5+ Kf8 13. h4 Nf6
14. Qf4 Ke7 15. b3 Qd7 16. Nc3 Rd8 17. Nd5+ Nxd5 18. Ba3+ Ke6 19. Qf5# 1-0

[Event "ch-Paris op C"]
[Site "Paris (Halle Carpentier)"]
[Date "2008.06.28"]
[Round "1.26"]
[White "Vallipuram, Tarujan"]
[Black "Commercon, Joachim"]
[Result "0-1"]
[WhiteElo "1280"]
[BlackElo "1450"]
[PlyCount "74"]
[EventDate "2008.06.28"]

1. e4 e5 2. Nf3 Nf6 3. Nc3 Bb4 4. d3 d6 5. a3 Bxc3+ 6. bxc3 Bg4 7. Rb1 Nbd7 8.
Rxb7 Nb6 9. Bg5 Qc8 10. Rxb6 cxb6 11. Bxf6 Qxc3+ 12. Qd2 Qxd2+ 13. Nxd2 gxf6
14. f3 Be6 15. Be2 Rc8 16. c4 b5 17. h4 bxc4 18. dxc4 Rg8 19. O-O Bh3 20. Kh2
Rxg2+ 21. Kxh3 Rxe2 22. Nb3 Rxc4 23. Na5 Rcc2 24. Kg4 Rc5 25. Nb7 Rc6 26. Kf5
Ke7 27. Rg1 Rf2 28. Rg3 Rc3 29. Kg4 f5+ 30. exf5 Rc4+ 31. Kh5 Rh2 32. f4 Rxf4
33. Kh6 Rhxh4+ 34. Kg7 Rhg4+ 35. Rxg4 Rxg4+ 36. Kh6 Kf6 37. Nxd6 Rh4# 0-1

[Event "ch-Paris op C"]
[Site "Paris (Halle Carpentier)"]
[Date "2008.06.28"]
[Round "1.27"]
[White "Fleurimont, Thierry"]
[Black "Olivier, Camille"]
[Result "1-0"]
[WhiteElo "1450"]
[BlackElo "1260"]
[PlyCount "33"]
[EventDate "2008.06.28"]

1. e4 e6 2. d4 d5 3. e5 c5 4. c3 Nc6 5. Nf3 Bd7 6. Be3 cxd4 7. cxd4 Qb6 8. Qd2
Bb4 9. Nc3 Nge7 10. Bd3 h6 11. a3 Bxc3 12. bxc3 O-O 13. O-O Qc7 14. Bxh6 Nf5
15. Bxf5 exf5 16. Qg5 g6 17. Qf6 1-0

[Event "ch-Paris op C"]
[Site "Paris (Halle Carpentier)"]
[Date "2008.06.28"]
[Round "1.28"]
[White "Azouni, Anais"]
[Black "Dean, Pietro"]
[Result "0-1"]
[WhiteElo "1250"]
[BlackElo "1440"]
[PlyCount "66"]
[EventDate "2008.06.28"]

1. e4 e5 2. Nf3 Nc6 3. Bb5 a6 4. Ba4 b5 5. Bb3 Nf6 6. Ng5 d5 7. exd5 Nxd5 8.
Nxf7 Kxf7 9. Qf3+ Ke6 10. Nc3 Ncb4 11. a3 Nxc2+ 12. Kd1 c6 13. Kxc2 Bb7 14. Qe3
Be7 15. d4 Kd7 16. Qxe5 Bf6 17. Qf5+ Kc7 18. Nxd5+ cxd5 19. Bf4+ Kb6 20. Qe6+
Ka7 21. Qe3 Re8 22. Qc3 Rc8 23. Kb1 Rxc3 24. bxc3 Re2 25. Kc1 Qc8 26. Bd2 Bxd4
27. Kc2 Bxc3 28. Kd1 Rxd2+ 29. Kc1 Ba5+ 30. Kb1 Qc3 31. Ra2 Qxb3+ 32. Kc1 Qxa2
33. Re1 Qc2# 0-1

[Event "ch-Paris op C"]
[Site "Paris (Halle Carpentier)"]
[Date "2008.06.28"]
[Round "1.29"]
[White "Guerlach, Keigo"]
[Black "Nicodeme, Adrien"]
[Result "1-0"]
[WhiteElo "1440"]
[BlackElo "1250"]
[PlyCount "95"]
[EventDate "2008.06.28"]

1. e4 e5 2. Nf3 Nc6 3. Bc4 Nf6 4. Nc3 Be7 5. d3 d6 6. Be3 a6 7. a4 O-O 8. O-O
Be6 9. Bxe6 fxe6 10. Ng5 Qd7 11. Qf3 Nh5 12. Qxh5 h6 13. Nf3 Kh7 14. Qh3 Kg8
15. Qg3 Bf6 16. Bxh6 Nd4 17. Nxd4 exd4 18. Ne2 e5 19. Bg5 c5 20. Bxf6 Rxf6 21.
Qg5 Qf7 22. Ng3 Rg6 23. Qd2 b6 24. b3 a5 25. Nf5 Rc8 26. c4 Rd8 27. Qe2 Rc8 28.
Qf3 Rg5 29. Qh3 Rh5 30. Nh6+ Rxh6 31. Qxc8+ Kh7 32. Qf5+ g6 33. Qxf7+ Kh8 34.
Qf8+ Kh7 35. Qxh6+ Kxh6 36. f4 g5 37. f5 Kg7 38. f6+ Kf8 39. f7 g4 40. Ra2 g3
41. hxg3 b5 42. axb5 d5 43. b6 a4 44. b7 a3 45. b8=Q+ Kg7 46. f8=Q+ Kg6 47.
Rf6+ Kg5 48. Qxe5+ 1-0